Movies Quiz

Random Movies Quiz

Second transformers intro Quiz Stats

 Plays Quiz not verified by Sporcle

Score 0/8 Timer 03:00
0 Plays Today
some of it rest is for you to answer % Correct
earth
96.9%
birth place of the human race
84.5%
a species much like our own
76.7%
capable of great compassion
58.9%
andgreat violence
52.7%
for in our quest to protect the humans
43.4%
our worldshave met before
25.6%
a deeper revolation dawns
18.6%

You're not logged in!

Compare scores with friends on all Sporcle quizzes.
OR
Log In

Sporcle TV

Today on Sporcle TV


Watch our educational content, quiz creation guides, and fun videos on Sporcle TV.

Show Comments

Extras

Created Oct 22, 2010ReportNominate
Tags:intro, rest, second, transformer

Top Quizzes Today


Score Distribution

Your Account Isn't Verified!

In order to create a playlist on Sporcle, you need to verify the email address you used during registration. Go to your Sporcle Settings to finish the process.

Report this User

Report this user for behavior that violates our Community Guidelines.

Details: